[Event "Tan Chin Nam Cup 4th"]
[Site "Beijing"]
[Date "1998.06.18"]
[Round "11"]
[White "Lin, Weiguo"]
[Black "Zhang, Zhong"]
[Result "0-1"]
[WhiteElo "2460"]
[BlackElo "2530"]
[Annotator "Tyomkin,D"]
[PlyCount "112"]
[EventDate "1998.06.08"]
[EventType "tourn"]
[EventRounds "11"]
[EventCountry "CHN"]
[EventCategory "12"]
[SourceTitle "CBM 066"]
[Source "ChessBase"]
[SourceDate "1998.09.30"]
[SourceVersion "1"]
[SourceVersionDate "1998.09.30"]
[SourceQuality "1"]

1. d4 f5 2. Nf3 Nf6 3. g3 g6 4. Bg2 Bg7 5. O-O O-O 6. b3 d6 7. Bb2 Ng4 8. Nbd2
Nc6 9. Nc4 d5 (9... Bd7 10. a4 Qe8 11. h3 Nf6 12. d5 Nd8 13. Nd4 c6 14. dxc6
bxc6 15. Na5 Ne4 $11 {Donchenko,A-Huesmann,T/Aachen op 1993/1/2-1/2(43)}) (9...
e6 10. a4 Qe8 11. Qd2 a5 12. Rad1 Nf6 13. Rfe1 h6 14. Qc1 g5 15. h4 g4 16. Nh2
b6 17. d5 exd5 18. Ne3 $14 {Wang Yaoyao-Markovic,I/WchJM U26 1994/1-0(29)}) (
9... Qe8 10. d5 Bxb2 11. Nxb2 Nd8 12. Nd4 g5 13. e3 Qg6 14. Nd3 Qg7 15. c4 $14
{Inkiov,V-Porfiriadis,S/Iraklio Schev 1994/1-0 (45)}) 10. Ncd2 (10. Nce5 Ngxe5
(10... Ncxe5 11. Nxe5 {1/2-1/2 Kharitonov,A-Malaniuk,V/Alushta2 1994}) 11. Nxe5
Nxe5 12. dxe5 e6 13. f4 b6 14. c4 c6 $6 (14... Bb7) 15. Ba3 Rf7 16. Rc1 $14 {
Eperjesi,L-Szeberenyi,A/Budapest FS07 IM 1996/1-0(33)}) 10... e5 11. dxe5 $146
(11. h3 e4 12. hxg4 exf3 13. Nxf3 fxg4 14. Ne5 Nxe5 15. dxe5 c6 16. f4 gxf3 17.
exf3 g5 $1 18. Qd2 Be6 19. Rae1 Rf7 20. Ba3 h5 $132 {Lautier,J-Bareev,E/Munich
1993/0-1 (48)}) 11... Ngxe5 12. Rb1 (12. Nxe5 Nxe5 13. c4 dxc4 (13... d4 14.
Bd5+ Nf7 15. Nf3 c5 16. b4 $1 $16) 14. Nxc4 Nxc4 15. Bd5+ (15. Bxg7 Ne3 $1)
15... Kh8 16. Bxg7+ Kxg7 17. Bxc4 Qf6 $11) 12... Be6 13. e3 Qe7 14. Nd4 Nxd4
15. exd4 (15. Bxd4 c5 16. Ba1 Rfd8 17. Nf3 $11) 15... Ng4 16. h3 (16. Re1 Qd6 (
16... Qf7 $2 17. Nf3 $16 {[%cal Rf3g5]} h6 18. h3 Nf6 19. Ne5 $18) 17. h3 Nf6
18. c4 Rae8 $11) 16... Nf6 17. f4 $6 {[%csl Re4]} (17. Re1 $142 {-16.Re1})
17... Ne4 $15 18. Kh2 a5 19. Nf3 (19. a4 $5) 19... a4 20. Ne5 a3 21. Ba1 g5 22.
Qd3 gxf4 23. gxf4 Qh4 24. b4 $1 {[%cal Gb1b3]} Bh6 25. Qe3 Kh8 26. Rb3 Rg8 27.
Bxe4 fxe4 28. Bc3 {[%cal Rc3e1,Rc3d2]} Raf8 (28... Bxh3 $2 29. Be1 $1) 29. Bd2
Rg7 30. Qf2 Qh5 31. Rxa3 e3 32. Rxe3 $4 (32. Qxe3 {After this move black has
compensation which is enough,pherhaps, just for equality.} Bxh3 $1 (32... Rfg8
33. Rf2 Qd1 34. Nf3 Qxc2 (34... Rg1 35. Qe5+ Bg7 36. Qxe6 Rh1+ 37. Kg2 Bxd4+
38. Qxg8+ Kxg8 39. Ra8+ Kg7 40. Nxd4 $11) (34... Bf5 35. Qe5) 35. Ng5 (35. Qe5)
) 33. Qxh3 Qe2+ 34. Kh1 Qxd2 35. Nd7 $1 (35. Raf3 Rxf4) 35... Rd8 36. Nc5 Rdg8
37. Ne6 Re7 {[%cal Re7e6]} 38. f5 Qxc2 39. Rg3 Qe4+ $11) 32... Rxf4 33. Qxf4
Bxf4+ 34. Rxf4 Qd1 $19 {[%csl Rc2,Rd2]} 35. Be1 Qxc2+ 36. Rf2 Qc1 37. Rfe2 Bf5
{[%cal Rf5e4]} 38. Rg3 Rxg3 39. Kxg3 Qa3+ 40. Nf3 Be4 41. Rf2 Qd3 42. a4 h5 {
[%cal Rh5h4]} 43. h4 Kh7 44. a5 {[%csl Rd4][%cal Re4f3,Yd3d4]} Bxf3 45. Rxf3
Qxd4 46. Kg2 Qe4 47. Bg3 Kg6 48. b5 Qe2+ 49. Rf2 Qxb5 50. Bxc7 d4 51. Bb6 Qd5+
52. Kf1 Qh1+ 53. Ke2 Qxh4 54. Rg2+ Kf5 55. Rg8 Qe4+ 56. Kd2 Qe3+ (56... Qe3+
57. Kc2 Qe2+ 58. Kb1 Qd3+ {[%csl Rg8]}) 0-1

[Event "NED-ch53"]
[Site "Rotterdam"]
[Date "1998.06.23"]
[Round "3"]
[White "Sokolov, Ivan"]
[Black "Reinderman, Dimitri"]
[Result "1-0"]
[WhiteElo "2625"]
[BlackElo "2480"]
[Annotator "Tyomkin,D"]
[PlyCount "51"]
[EventDate "1998.06.21"]
[EventType "tourn"]
[EventRounds "11"]
[EventCountry "NED"]
[EventCategory "12"]
[SourceTitle "CBM 066"]
[Source "ChessBase"]
[SourceDate "1998.09.30"]
[SourceVersion "1"]
[SourceVersionDate "1998.09.30"]
[SourceQuality "1"]

1. d4 f5 2. g3 Nf6 3. Bg2 g6 4. c3 Bg7 5. Qb3 Nc6 6. Nh3 e6 7. Nd2 {This
variation looks very unpleasant for black.} d6 $146 (7... O-O 8. Nf4 Qe7 (8...
Kh8 $6 9. h4 e5 10. dxe5 Nxe5 11. Nf3 (11. h5 $16) 11... Neg4 12. h5 gxh5 13.
Nd4 $16 {Flear,G-Micic,C/Belgrade GMA 1988/1-0(32)}) 9. h4 Nd8 10. e4 fxe4 11.
Nxe4 Nxe4 12. Bxe4 Nf7 13. Be3 $16 {Eliet,N-Santo Roman,M/FRA-chT 1996/1/2-1/2
(21)}) (7... Qe7 8. e4 fxe4 9. Nxe4 Nxe4 10. Bxe4 b6 11. O-O Bb7 12. Bg5 Bf6
13. Bxf6 Qxf6 14. Rae1 O-O-O 15. f4 $16 {Flear,G-Kristensen,B/Geneve op 1991/
1-0 (61)}) (7... b6 8. Nf4 d5 9. h4 Qe7 10. Nf3 Ng4 11. h5 Na5 12. Qc2 g5 13.
Nxg5 $1 Qxg5 14. Nxe6 Qe7 15. Nxg7+ Qxg7 16. Bxd5 $16 {1-0 Lawton,G-Brown,S/
BCF-ch 1994 (56)}) (7... d5 8. Nf3 Ne4 9. Nf4 Qe7 10. Nd3 O-O 11. h4 b6 12. Bf4
Bb7 13. Qc2 Nd8 14. Be5 $16 {Gavrikov,V-Vyzmanavin,A/URS-FL 1986/1-0 (61)}) 8.
e4 fxe4 9. Nxe4 Nxe4 10. Bxe4 d5 (10... e5 $2 11. Ng5 Qe7 (11... Qf6 12. Nxh7
$1) 12. d5 Nd8 13. Nxh7 $1) 11. Bg2 e5 12. O-O Qd6 (12... exd4 13. Re1+ Kf8 14.
Nf4 $16) 13. Re1 Bxh3 (13... e4 14. f3 $18) 14. Bxh3 O-O 15. Bg2 $16 exd4 16.
Bf4 Rxf4 $2 (16... Qc5 17. Bxd5+ (17. Qxd5+ Qxd5 18. Bxd5+ Kh8 19. cxd4 $16 {
^^_|_}) 17... Kh8 18. c4 Qb6 (18... Na5 19. Qa4 {[%cal Rb2b4]}) 19. Qxb6 cxb6
20. a3 $16 {[%cal Gb2b4] ^^_|_}) 17. gxf4 Rd8 18. Rad1 $18 b6 (18... Qc5 19.
Qxb7 dxc3 20. Bxd5+ $1) 19. Qa4 Kf8 $6 (19... Rf8 $142 20. c4 Ne7) 20. cxd4 Qf6
21. Rc1 Nxd4 22. Rxc7 Qxf4 23. Qa3+ Kg8 (23... Qd6 24. Rc8 $1 $18) {[%tqu "En",
"","","","c7g7","",10]} 24. Rxg7+ Kxg7 25. Qe7+ Kh6 26. Qxd8 1-0

[Event "EU-ch 2nd"]
[Site "Ohrid"]
[Date "2001.06.01"]
[Round "1"]
[White "Van Wely, Loek"]
[Black "Guliev, Sarhan"]
[Result "1-0"]
[WhiteElo "2670"]
[BlackElo "2528"]
[Annotator "Tyomkin,D"]
[PlyCount "47"]
[EventDate "2001.06.01"]
[EventType "swiss"]
[EventRounds "13"]
[EventCountry "YUG"]
[SourceTitle "CBM 084"]
[Source "ChessBase"]
[SourceDate "2001.09.13"]
[SourceVersion "1"]
[SourceVersionDate "2001.09.13"]
[SourceQuality "1"]

1. d4 f5 2. g3 Nf6 3. Bg2 g6 4. Nf3 Bg7 5. b4 d6 6. Bb2 O-O 7. O-O {According
my database, white has scored huge plus in this position in last two years;}
Qe8 8. c4 h6 (8... Nc6 {Tyomkin,D} 9. b5 Nd8 10. Nc3 h6 $146 {Black intends to
push g6-g5. Nd8-f7 can be played with the same idea, but I am in doubt, where
is the better place for the knight: on f7, or d8 with the perspective to be
moved to more central place, like e6.} (10... Kh8 {Tyomkin,D} 11. Re1 a6 12. a4
axb5 13. cxb5 c6 14. b6 Be6 15. a5 Nd5 16. e4 fxe4 17. Rxe4 Bf5 18. Re1 Nb4 19.
Ne4 Qd7 {1-0 Van Wely,L-Illescas Cordoba,M/Wijk aan Zee 1997/CBM 57/[Hecht] 
(65)}) 11. Qb3 g5 12. Nd5 Ne6 {It was not so bed to accept the exchange- black
gets a counterplay there:} (12... Nxd5 {Tyomkin,D} 13. cxd5 Bd7 14. a4 a6 $132)
13. e3 Ne4 {[%cal Rg5g4]} 14. Rad1 c6 15. Nc3 Nf6 $2 {Strange decision of
black, which leads to big troubles for black. Black is avoiding exchanges, is
it "play only for win" strategy?} (15... Nxc3 {Tyomkin,D} 16. Bxc3 Bd7 $14) 16.
c5 Kh8 {It leads to the loss of material, but it is not simple to give a good
advice for black after his previous move.} (16... d5 {Tyomkin,D} 17. Ne5 $16)
17. cxd6 exd6 18. bxc6 bxc6 19. Ba3 $18 {[%csl Rd6] 1-0 Matros,A-Berg,E/
Stockholm 2000/CBM 79/[Tyomkin,D] (30) Suddenly, black has no way to protect
d6-pawn. With the next move, black tries to get some complications:}) (8... c6
{Tyomkin,D} 9. Nbd2 $146 Na6 $5 (9... Nbd7 $142 $14) (9... e5 $2 10. dxe5 Ng4
11. c5 $1 $16 {[%cal Yd2c4,Gd1b3] White gets important c4-square for the
knight and opens the diagonal a2-g8, intending Qb3.} d5 (11... dxe5 {Tyomkin,D}
12. Nc4 e4 13. Nd6 Qe7 14. Bxg7 Kxg7 15. Nd4 $16 {[%csl Gd6][%cal Gh2h3,Yd1d2]}
) (11... dxc5 {Tyomkin,D} 12. bxc5 {[%cal Gd1b3,Yb3c3]} Qe7 13. Nc4 $16) 12.
Qb3 $1 {[%cal Ge2e4] 1-0 Kengis,E-Heidrich,M/Forchheim 2000/CBM 76_02/[Tyomkin,
D] (23)}) 10. Qb3 h6 11. Rae1 Qf7 12. e4 fxe4 13. Nxe4 Bf5 (13... Nxe4 $1 14.
Rxe4 Be6 $132 {[%cal Yd6d5,Yb7b5]}) 14. Nxf6+ exf6 $6 (14... Bxf6 $142) 15. b5
Nc7 16. Nh4 Be6 17. d5 cxd5 18. cxd5 Bxd5 19. Bxd5 Nxd5 20. Nxg6 $16 {1-0
Nielsen,P-Lapshun,Y/New York 2000/CBM 76 ext (42)}) (8... Ng4 9. Nc3 {[%cal
Gc3d5]} e5 10. Nd5 Rf7 11. h3 Nh6 (11... Nf6 12. dxe5 Ne4 13. Nf6+ $1 (13. exd6
Bxb2 $13) 13... Nxf6 14. exf6 Bxf6 15. Bxf6 $14) 12. dxe5 dxe5 13. Ng5 Rd7 14.
Qa4 $14 c6 $2 15. Nb6 axb6 16. Qxa8 Na6 17. Ne6 $1 Bf6 18. b5 cxb5 19. cxb5 Nc5
20. Nxc5 bxc5 21. Rac1 Qf8 22. Rfd1 b6 23. Qb8 Qd8 24. Rxd7 {1-0 Lautier,
J-Reinderman,D/Mondariz 2000/CBM 79 (24)}) 9. Nbd2 $146 (9. Qb3 Qf7 10. Nbd2 c6
11. a4 Be6 12. b5 $14 {1-0 Mah,K-McDonald,N/Birmingham ENG 2001/The Week in
Chess 332 (47)}) (9. Nc3 $6 {[%csl Yc4] c4 is vulnerable in this case;} Qf7 10.
Qb3 c6 11. Rad1 Nbd7 12. b5 Nb6 {[%csl Rc4] 0-1 Bates,R-Conquest,S/Birmingham
ENG 2001/The Week in Chess 326 (20)}) 9... g5 10. e3 f4 $6 {Very risky
strategical decision- black is lacking in development and position is getting
open after 10...f4;} (10... g4 11. Nh4 e5 (11... e6 12. Qc2 {[%csl Yf5][%cal
Gd4d5]}) 12. dxe5 dxe5 13. e4 f4 (13... fxe4 14. Nxe4 $16) 14. gxf4 exf4 15. e5
Nfd7 16. Qxg4 Nxe5 17. Bd5+ Kh8 18. Qg2 $16 {[%csl Yb7][%cal Rb2e5]}) (10...
Qg6 11. Qc2 $14 {[%csl Rg6]}) (10... Qf7 11. Qc2 {and black has troubles with
development of it's queenside;}) 11. exf4 gxf4 12. Re1 fxg3 13. hxg3 Bg4 14.
Qc2 Nc6 (14... c6 15. Nh4 {[%csl Re7,Rf5,Rg6]}) (14... Qf7 15. Nh4 {[%cal
Gh4g6]}) 15. b5 Nd8 16. Nh4 Qd7 (16... a6 $142 {was very logical move, trying
to trade some pieces, or to enter Ra8 to the game;}) (16... Qf7 17. Nf5 Bxf5
18. Qxf5 e6 19. Qd3 $16 {[%csl Rd8][%cal Gd2f3,Gf3h4]}) 17. Nf1 $1 {[%csl Ye6,
Yf5,Yg6][%cal Gf1e3][%mdl 2048] Light squares are vulnerable in black's camp,
and white is going to move it's pieces there;} Rf7 18. Ne3 Bh3 19. Qg6 Bxg2 20.
Kxg2 e6 $8 {[%csl Yf5] trying to cover f5-spot;} {[%tqu "En","How can white
increase the pressure over the kingside?","try to enter white pieces to the
attack;","white needs f5-square for it's knights, and pawn e6 is a defender....
","d4d5","",10]} 21. d5 $1 $18 {[%csl Gf5][%mdl 128] white gets f5-outpost
anyhow;} Nh7 (21... Kh8 {[%tqu "En","time to break the defense!","","","e3f5",
"",10]} 22. Nef5 $3 {[%mdl 128]} exf5 23. Nxf5 {[%cal Rf5g7,Yb2h8]} Nh5 24.
Nxg7 Nxg7 25. Qxh6+ Kg8 26. Rh1 $18) 22. Ng4 {[%cal Rg4h6]} Kf8 {It just loses
at once, but black could let white finish this game by brilliant combination!
Unfortunately, Van Wely didn't get that support from his opponent... The above
mentioned beauty was in the following line:} (22... Kh8 {[%tqu "En","Find out
mate in3","","","g6g7","",10]} 23. Qxg7+ $3 {[%mdl 128]} Rxg7 24. Ng6+ Kg8 25.
Nxh6#) 23. Qxh7 Bxb2 24. Ng6+ 1-0

[Event "EU-ch 2nd"]
[Site "Ohrid"]
[Date "2001.06.04"]
[Round "4"]
[White "Kocovski, Ivan"]
[Black "Kiroski, Toni"]
[Result "1-0"]
[WhiteElo "2324"]
[BlackElo "2403"]
[Annotator "Tyomkin,D"]
[PlyCount "99"]
[EventDate "2001.06.01"]
[EventType "swiss"]
[EventRounds "13"]
[EventCountry "YUG"]
[SourceTitle "CBM 084"]
[Source "ChessBase"]
[SourceDate "2001.09.13"]
[SourceVersion "1"]
[SourceVersionDate "2001.09.13"]
[SourceQuality "1"]

1. d4 f5 2. g3 g6 3. Bg2 Nf6 4. Nd2 Bg7 5. c3 c6 (5... O-O {Tyomkin,D} 6. e4
fxe4 7. Nxe4 Nxe4 8. Bxe4 d5 9. Bg2 c6 10. Bf4 e5 $146 {That is the pawn
sacrifice, and it looks quite risky.} 11. Bxe5 Bxe5 12. dxe5 Qb6 13. Qd2 Bg4
14. h3 Bf5 15. g4 Bd3 $1 16. f4 Nd7 17. b4 (17. Qxd3 {Tyomkin,D} Qxb2 18. Bxd5+
cxd5 19. Qxd5+ Kh8 20. Rd1 Qxc3+ $36) 17... Bc4 18. Nf3 a5 {The idea is to
take on b4, and then Ra3. So, white's following reply is almost forced.} 19. a4
axb4 20. cxb4 c5 21. b5 Bxb5 22. Qxd5+ (22. Rb1 {Tyomkin,D} Rxa4 23. Qxd5+ Rf7
$44 {[%csl Re1]} (23... Kh8 24. Qxd7 Qa5+ 25. Qd2 $18)) 22... Kh8 23. Qd2 $1 {
[%cal Ra1b1]} (23. Rb1 {Tyomkin,D} Qa5+ 24. Qd2 Qxa4 {And white still can not
castle.}) 23... Rxa4 {Black takes back a pawn, but bishop moves out of
diagonal a6-f1 for one move in this case, and...finally white can castle!} 24.
Rxa4 Bxa4 25. O-O $1 $16 {1-0 Krasenkow,M-Berg,E/Saint Vincent 2000/CBM 78_02/
[Tyomkin,D] (38) Two white central pawns are much more dangerous then black's
on the queenside.}) 6. e4 {Usually white doesn't play 6.e4 in this position,
preffering to develop kingside knight to h3 or f3, or 6.Qb3 move;} (6. Ngf3 {
Belov} O-O 7. O-O Qe8 8. Re1 d5 9. Ne5 Nbd7 10. c4 $1 Nxe5 (10... e6 11. Nd3 e5
$6 12. cxd5 Nxd5 (12... e4 13. dxc6 exd3 14. exd3 $16) (12... cxd5 13. dxe5
Nxe5 14. Nxe5 Qxe5 15. Nf3 Qe7 16. Be3 $16) 13. e4 fxe4 14. Nxe4 $16) 11. dxe5
Ng4 12. cxd5 cxd5 13. f4 (13. Bxd5+ e6 14. Bg2 Nxe5 15. Nf3 Nc6 $10) 13... e6
14. Nf3 $16 {1-0 Dydyshko,V-Morkisz,B/Katowice 1995/CBM 48/[Belov] (36)}) 6...
fxe4 {Probably the best attempt for black to equalize; The idea is to trade on
e4, to push d7-d5 with the tempo and, finally, e7-e5;} (6... d6 7. Qe2 (7. exf5
{Belov} Bxf5 8. Ngf3 Nbd7 9. O-O Qc7 10. Re1 $16 {Gufeld,E-Remizov,V/Moscow/
1992/1:0/36/}) 7... fxe4 8. Nxe4 Nxe4 9. Bxe4 Nd7 10. Nf3 Nf6 11. Bc2 Qa5 12.
Ng5 e5 13. dxe5 Qxe5 14. Qxe5+ dxe5 15. O-O Bf5 16. Bb3 Nd5 17. Re1 $14 {
1-0 Kozul,Z-Mowsziszian,K/Maribor 1995/CBM 49 ext (48)}) 7. Nxe4 Nxe4 {Too
early. Better was to delay it for one move:} (7... O-O $5 8. Ne2 (8. Nxf6+ exf6
(8... Bxf6 9. Bh6 $14) 9. Ne2 d5 $11) 8... Nxe4 (8... d5 9. Nc5 {[%csl Ye5]
[%cal Gc5d3]}) 9. Bxe4 d5 {-like in the game, but white knight is placed
worsely on e2;}) 8. Bxe4 d5 9. Bg2 e5 10. dxe5 Bxe5 11. Nf3 (11. Bh6 Kf7 12.
Nf3 (12. Qd2 Re8 13. O-O-O $5) 12... Bf6 13. O-O Re8 {-like in the game, but
black king is on f7, which is in white's favour;}) 11... Bf6 12. O-O (12. Bh6
$142 Kf7 13. O-O Re8 {-black would have to lose a tempo to secure his king by
Kg8;}) 12... O-O 13. Bh6 Re8 14. Qd2 Bg4 15. Rfe1 Nd7 $2 {It was necessary to
trade Nf3- now it becomes extremely dangerous for black;} (15... Bxf3 16. Bxf3
Nd7 $11) 16. Rxe8+ Qxe8 17. Re1 Qb8 {preventing Qd2-f4;} (17... Qd8 18. Nd4 {
[%csl Ye6,Yg4][%cal Gh2h3,Gd2f4]}) 18. Ng5 {[%cal Rh2h3] Bg4 is out of
business, and Ng5 is a main attacker; h2-h3 is coming, trapping Bg4;} (18. Nd4
Nb6 $14) 18... Nb6 19. h3 Bd7 {All black pieces have been removed to the
queenside, and white's attack develops by itself;} 20. Qd1 {[%cal Gd1f3]} Qd8
21. h4 Bg7 $2 {It leads to the loss of material; In other cases, white would
continue the attack over the kingside;} (21... Bf5 22. g4 Bd7 23. Qf3 Nc4 $140
24. Qxd5+ $3) (21... Qc8 22. Qf3 Qd8 23. Qf4 $16) 22. Bxg7 Kxg7 23. Qf3 Qf8 (
23... Bf5 24. g4 $18) 24. Qxf8+ Kxf8 (24... Rxf8 25. Re7+ Kg8 26. Rxh7 (26.
Nxh7 $18) 26... Re8 27. Kf1 Re5 {[%cal Re5g5]} 28. Rh8+ $1 {[%cal Yg5f7]}) 25.
Nxh7+ $18 Kf7 26. Ng5+ Kf6 27. Bh3 Bxh3 28. Nxh3 Rd8 29. Nf4 {[%csl Gf2,Gg3,
Gh4] Two extra pawns of white supported with white pieces decide in this
endgame;} Rd6 30. Kg2 c5 {Trying to create passed pawn d, but ie doesn't make
a sense;} 31. Nd3 Nd7 32. f4 c4 33. Ne5 Nc5 34. Kf3 Rb6 (34... b5 {[%cal Gd5d4]
} 35. Rd1 {[%cal Gg3g4] and black pawns are blocked;}) 35. Re2 Kg7 {[%cal
Gc5a4]} (35... Na4 $2 36. Nd7+) 36. Rd2 Na4 37. Rxd5 Nxb2 38. Rd7+ Kg8 39. Kg4
{[%cal Gg4g5]} a5 40. Rc7 (40. Kg5 $142 $18 {[%cal Ge5g6,Yg5h6] would finish
the game at once;}) 40... a4 41. Nxc4 Rb5 42. Nxb2 Rxb2 43. Kg5 Kf8 (43... Rg2
44. g4 {[%cal Yh4h5,Yf4f5]}) 44. g4 a3 45. Kxg6 Ke8 46. h5 Kd8 47. Rg7 Kc8 48.
h6 Rxa2 49. h7 Rh2 50. Rg8+ 1-0

[Event "Oakham GM"]
[Site "Oakham"]
[Date "2001.03.30"]
[Round "2"]
[White "Tyomkin, Dimitri"]
[Black "McDonald, Neil R"]
[Result "0-1"]
[WhiteElo "2500"]
[BlackElo "2400"]
[Annotator "Tyomkin,D"]
[PlyCount "70"]
[EventDate "2001.03.29"]
[EventType "tourn"]
[EventRounds "9"]
[EventCountry "ENG"]
[EventCategory "7"]
[SourceTitle "CBM 083"]
[Source "ChessBase"]
[SourceDate "2001.07.05"]
[SourceVersion "1"]
[SourceVersionDate "2001.07.05"]
[SourceQuality "1"]

1. d4 f5 2. g3 Nf6 3. Bg2 g6 4. Nh3 Bg7 5. c3 Na6 $5 {Theoretical moves here
are:} (5... c6) (5... Nc6) 6. Nd2 $146 (6. O-O O-O 7. Nd2 c5 8. Nb3 Qb6 $6 9.
dxc5 Qc7 (9... Nxc5 10. Be3 d6 11. Nxc5 dxc5 12. b4 $16) 10. Qd4 e5 11. Qc4+
Kh8 12. Rd1 d5 13. Bxd5 Nxd5 14. Qxd5 f4 15. Ng5 Qe7 16. Ne4 $16 {It looks
like black doesn't have enough compensation; 1/2-1/2 Roos,D-Bauer,C/Germany
1998/GER-chT (22)}) 6... c5 7. d5 d6 (7... Nc7 8. d6 $1 exd6 9. Nc4 $36) 8. Nf4
Nc7 (8... g5 9. Ne6 Bxe6 10. dxe6 {[%cal Gd1a4]} Qc8 11. Qc2 $1 {[%csl Yb7,Rf5]
and black can not capture e6 now, because of b7;}) 9. h4 O-O 10. e4 {At that
point I was sure I have big advantage; But it was too ambisious,and that was
the reason of some careless moves I've been made in the later stage of the
game;} (10. Nf3 {[%csl Yg5][%cal Gh4h5]} Ne4 $1 {[%csl Gg5] and black sets
control over g5;}) 10... fxe4 {Unusual, but intersting idea for black was
shown by Fritz:} (10... Bh6 $5 {=/+-Fritz 6;} 11. Nc4 $1 Bxf4 (11... Nxe4 12.
Nxg6 $1) (11... fxe4 12. Nxg6 $1) 12. Bxf4 Nxe4 (12... fxe4 13. Ne3 {[%cal
Gh4h5]}) 13. Bh6 $44 {[%cal Gh4h5] Control over dark squares compensates the
absence of the pawn for white;}) 11. Nxe4 Bf5 12. Nxf6+ Bxf6 (12... exf6 13.
O-O $14 {[%csl Rc7,Re6]}) 13. a4 {Careless move. Time is very important now-
black needs just couple of moves to get a good play, as it was shown by my
opponent; As well as, I had a wrong plan to castle to the kingisde, while
white might develop an attack there;} (13. g4 $5 Bd7 14. g5 Be5 15. Nd3 $16 {
[%cal Gh4h5]}) 13... Qd7 14. O-O Be5 15. Be3 $6 (15. Kh2 $142 $14 {but not too
much for white here;}) (15. Re1 Rf7 16. Kh2 Raf8 $13) 15... Bxf4 16. Bxf4 Bh3
17. c4 {I did this move quite quick, then I found out very unpleasant line for
me, as it was happened in the game;} (17. Bh6 Bxg2 18. Kxg2 Rf5 19. c4 e6 $132)
17... Bxg2 18. Kxg2 {[%tqu "En","","","","f8f4","Typical exchange sacrifice
helps black to break the pawn structure over white's king.",10]} Rxf4 $1 {
Typical exchange sacrifice helps black to break the pawn structure over
white's king.} 19. gxf4 Rf8 {[%csl Rf4,Rg2,Rh4]} 20. Ra3 $2 {[%cal Ya3g3,Yg3h3]
My idea was to transfer the rook to the defense through the 3rd rank, but
white can not hold on his pawns over 4th rank now.} (20. h5 Rxf4 21. f3 Rxc4
22. hxg6 Qf5 $36 {[%csl Rd5][%cal Yc4c2,Yf5g5]}) (20. Qf3 e6 $1 $36 {[%csl Rd5]
all is about d5-point;} (20... e5 21. Qh3 Qxh3+ 22. Kxh3 Rxf4 23. Rac1 Ne8 $11
{[%cal Ge8g7,Gg7f5]})) (20. Kg3 e6 21. Qg4 Rf5 {[%csl Gd5] and black gets his
knight in very soon.}) 20... Rxf4 21. h5 (21. Qe2 Qg4+ $1 {This move I
blundered playing Ra3;} 22. Qxg4 Rxg4+ 23. Kh3 Rxc4 24. Rd1 $17) 21... Qf5 22.
Rg3 $6 (22. hxg6 $142 hxg6 23. Qe2 Qg4+ 24. Qxg4 Rxg4+ 25. Kf3 Rxc4 $19 {
[%csl Rb2,Rd5] but also not too many chances for white to save the game;})
22... Rxc4 {White just loses his pawns all around.} 23. hxg6 hxg6 $19 {I
didn't expect for such a fast defeat in the opening, which I analyze as a
ChessBase expert for a long time :)} 24. b3 Rd4 25. Qf3 Qxf3+ 26. Kxf3 Kf7 27.
Rfg1 Rb4 28. Rd1 Rxb3+ 29. Kf4 Rb4+ 30. Kg5 Rxa4 31. Rf3+ Ke8 32. Kxg6 b5 33.
Kf5 a5 34. Rh3 Kd7 35. Rh8 {[%tqu "En","Find the tactical blow for black;","",
"","c7d5","",5]} Nxd5 $1 (35... Nxd5 36. Rxd5 e6+) 0-1